[Event "ch-NED"]
[Site "Boxtel NED"]
[Date "2011.07.04"]
[Round "8"]
[White "Brandenburg,D"]
[Black "Swinkels,R"]
[Result "1/2-1/2"]
[WhiteElo "2535"]
[BlackElo "2483"]
[EventDate "2011.06.25"]

1. e4 e5 2. Nf3 Nc6 3. d4 exd4 4. Nxd4 Nf6 5. Nxc6 bxc6 6. e5 Qe7 7. Qe2
Nd5 8. c4 Nb6 9. Nc3 Qe6 10. Qe4 g6 11. Bd3 Bg7 12. f4 O-O 13. O-O Ba6 14.
b3 d5 15. cxd5 cxd5 16. Qf3 Bxd3 17. Qxd3 c5 18. Ba3 Rac8 19. Qb5 a6 20.
Qa5 Qc6 21. Rac1 Rfd8 22. Ne2 Bf8 23. Nd4 Qb7 24. Rxc5 Bxc5 25. Bxc5 Nd7
26. Be7 Re8 27. Bd6 Qb6 28. Qxd5 Nc5 29. Kh1 Ne6 30. Nxe6 fxe6 31. Qd2 Qc6
32. h3 Qe4 33. Rc1 Qd5 34. Qe3 Rc6 35. Rxc6 Qxc6 36. b4 Rc8 37. Bc5 a5 38.
a3 Qd5 39. Kh2 axb4 40. axb4 Ra8 41. Qg3 Qe4 42. Qh4 h5 43. Bd6 Ra2 44.
Qd8+ Kh7 45. Qd7+ Kh8 46. Qe8+ Kh7 47. Qf7+ Kh8 48. Qf6+ Kh7 49. Qe7+ Kh8
50. Qf8+ 1/2-1/2

[Event "ch-NED"]
[Site "Boxtel NED"]
[Date "2011.07.04"]
[Round "8"]
[White "Spoelman,W"]
[Black "Smeets,J"]
[Result "1-0"]
[WhiteElo "2564"]
[BlackElo "2647"]
[EventDate "2011.06.25"]

1. d4 d5 2. c4 c6 3. Nf3 Nf6 4. e3 Bf5 5. Nc3 e6 6. Nh4 Bg6 7. Nxg6 hxg6 8.
g3 Nbd7 9. a3 Bd6 10. b3 Ne4 11. Nxe4 dxe4 12. Bb2 Qe7 13. Be2 f5 14. b4 a6
15. Qb3 Nf6 16. h4 g5 17. O-O-O gxh4 18. gxh4 O-O-O 19. Rdg1 Rh6 20. h5
Rdh8 21. Rg2 g5 22. Rxg5 Ng4 23. Rxg4 fxg4 24. d5 Rxh5 25. Rd1 Rg8 26. dxc6
Be5 27. Bxe5 Rxe5 28. Qa4 Rd8 29. Rxd8+ Kxd8 30. c5 bxc6 31. Qxc6 Qd7 32.
Qb6+ Qc7 33. Qxa6 Ke7 34. Bc4 Kf6 35. Qb6 Qe7 36. c6 Rh5 37. c7 Rh8 38. Ba6
Qd7 39. Qd4+ Qxd4 40. exd4 e3 41. c8=Q Rxc8+ 42. Bxc8 exf2 43. Ba6 g3 44.
Bf1 1-0

[Event "ch-NED"]
[Site "Boxtel NED"]
[Date "2011.07.05"]
[Round "9"]
[White "Swinkels,R"]
[Black "Janssen,Ru"]
[Result "1/2-1/2"]
[WhiteElo "2483"]
[BlackElo "2512"]
[EventDate "2011.06.25"]

1. d4 Nf6 2. c4 e6 3. g3 c5 4. d5 exd5 5. cxd5 d6 6. Nc3 g6 7. Bg2 Bg7 8.
Nf3 O-O 9. O-O a6 10. a4 Nbd7 11. h3 Re8 12. Nd2 Rb8 13. Nc4 Nb6 14. Na3
Nfd7 15. Ne4 Ne5 16. Bg5 f6 17. Bf4 Bf5 18. Nc3 Bd7 19. Bxe5 Rxe5 20. a5
Nc8 21. Nc4 Re8 22. e4 f5 23. exf5 Bxf5 24. Qd2 b5 25. axb6 Nxb6 26. Na5
Qf6 27. Ra2 Qd4 28. Qc1 Bd3 29. Nc6 Qc4 30. Ra3 Ra8 31. Re1 Bd4 32. Na5 Qb4
33. Nc6 Qc4 34. Na5 Qb4 35. Nc6 Qc4 1/2-1/2

[Event "ch-NED"]
[Site "Boxtel NED"]
[Date "2011.07.05"]
[Round "9"]
[White "Nijboer,F"]
[Black "L'Ami,E"]
[Result "1-0"]
[WhiteElo "2538"]
[BlackElo "2611"]
[EventDate "2011.06.25"]

1. e4 c6 2. d4 d5 3. e5 Bf5 4. Nf3 e6 5. Be2 Ne7 6. O-O c5 7. c4 Nbc6 8.
dxc5 d4 9. Qb3 Qd7 10. Rd1 Ng6 11. Nc3 Bxc5 12. Qb5 b6 13. Na4 Ncxe5 14.
Qxd7+ Nxd7 15. Nxd4 Bxd4 16. Rxd4 e5 17. Rd2 Nf4 18. Bf1 f6 19. b3 Nc5 20.
Nxc5 bxc5 21. Ba3 Ne6 22. f4 Nxf4 23. Bxc5 a5 24. Be3 Kf7 25. Rd6 Rhd8 26.
Rad1 Rxd6 27. Rxd6 Bb1 28. g3 Ne6 29. c5 Nd4 30. Bxd4 exd4 31. a3 d3 32.
Bxd3 Bxd3 33. Rxd3 Rb8 34. c6 Ke6 35. Rc3 Kd6 36. c7 Rc8 37. Kf2 Rxc7 38.
Rxc7 Kxc7 39. Ke3 Kd6 40. Ke4 g6 41. g4 Kc5 42. h3 Kd6 43. Kd4 Kc6 44. Kc4
f5 45. gxf5 gxf5 46. Kd4 Kd6 47. h4 Ke6 48. h5 Kd6 49. Ke3 Ke5 50. h6 Kd5
1-0

[Event "ch-NED"]
[Site "Boxtel NED"]
[Date "2011.07.05"]
[Round "9"]
[White "Smeets,J"]
[Black "Ernst,S"]
[Result "1-0"]
[WhiteElo "2647"]
[BlackElo "2596"]
[EventDate "2011.06.25"]

1. e4 e5 2. Nf3 Nc6 3. Bb5 a6 4. Bxc6 dxc6 5. O-O Qf6 6. d4 exd4 7. Bg5 Qd6
8. Qxd4 Qxd4 9. Nxd4 Bd7 10. Nc3 Ne7 11. Rad1 O-O-O 12. h3 b6 13. Rd2 f6
14. Be3 Ng6 15. f4 Bb4 16. Nde2 f5 17. a3 Bxc3 18. Nxc3 fxe4 19. f5 Ne5 20.
Rd4 Nf7 21. Rxe4 Nd6 22. Ref4 Rhe8 23. Bc1 Re5 24. g4 h5 25. Rd4 hxg4 26.
hxg4 c5 27. Rdd1 Bc6 28. Kf2 g6 29. Bf4 Ree8 30. f6 g5 31. Bxd6 cxd6 32.
Nd5 Re4 33. Kg3 Kd7 34. f7 Rf8 35. Nf6+ Ke6 36. Nxe4 Bxe4 37. Rfe1 d5 38.
c4 Rxf7 39. cxd5+ Ke5 40. Re3 1-0

[Event "ch-NED"]
[Site "Boxtel NED"]
[Date "2011.07.05"]
[Round "9"]
[White "Sokolov,Ivan"]
[Black "Brandenburg,D"]
[Result "1/2-1/2"]
[WhiteElo "2645"]
[BlackElo "2535"]
[EventDate "2011.06.25"]

1. d4 d5 2. c4 dxc4 3. Nf3 Nf6 4. e3 e6 5. Bxc4 c5 6. O-O a6 7. Bd3 Nc6 8.
Nc3 cxd4 9. exd4 Be7 10. Bg5 O-O 11. Rc1 Nb4 12. Bb1 b5 13. Ne4 Bb7 14. Nc5
Bd5 15. Ne5 Bxa2 16. Bxa2 Nxa2 17. Nc6 Qe8 18. Nxe7+ Qxe7 19. Bxf6 gxf6 20.
Ra1 Nb4 21. Ra3 Kh8 22. Qd2 Nd5 23. Rfa1 Rg8 24. Rxa6 Rxa6 25. Rxa6 b4 26.
g3 Rd8 27. Qh6 f5 28. Nd3 Qf6 29. Qxf6+ Nxf6 30. Ne5 Rxd4 31. Nxf7+ Kg8 32.
Nh6+ Kg7 33. Rxe6 Kxh6 34. Rxf6+ Kg5 35. Rb6 f4 36. Rb5+ Kg4 37. gxf4 Kf3
38. h4 Rxf4 39. h5 Rg4+ 40. Kf1 Rh4 41. Rf5+ Ke4 42. Rg5 Kd3 43. Kg2 Kc2
44. Kg3 Rh1 45. Kg2 1/2-1/2